Stolice Województw Polski (bez mapy) - Statystyki

Ogólne statystyki
  • Ten quiz został rozwiązany 30 razy
  • Średni wynik to 17 z 18
Statystyki odpowiedzi
Nr. Miasta % Poprawnych
16. Gdańsk
100%
1. Warszawa
100%
18. Białystok
96%
10. Łódz
96%
8. Opole
96%
5. Toruń
96%
17. Bydgoszcz
92%
14. Katowice
92%
12. Kraków
92%
3. Rzeszów
92%
4. Szczecin
92%
7. Wrocław
92%
6. Zielona Góra
92%
15. Gorzów wielkopolski
88%
13. Kielce
88%
11. Lublin
88%
9. Olsztyn
88%
2. Poznań
88%
Nie znaleziono quizów pasujących do podanych kryteriów
Rozkład punktacji
Procent ludzi z każdym wynikiem
Percentyl według liczby udzielonych odpowiedzi
Twoja historia wyników
Nie rozwiązałeś tego quizu